000 00594nam a22001937a 4500
999 _c173061
_d173061
005 20200218115353.0
010 _aENG-127895
020 _c325.00
_a9780199492794
035 _aEN-111427
037 _bDBAD/PUB
082 _a954.092
100 _aMukherjee, Rudrangshu
245 _aJawaharlal Nehru/
_cby Anindita Majumdar
260 _aNew Delhi
_c2019
_bOxford University Press
270 _a2/11 Ground Floor,Ansari Road,Dariyaganj
_e110002
_bNew Delhi
300 _a141p.
_b19(pbk)
500 _aincludes bibliographical references and index
942 _2ddc
_cEN
_hMUK
_k954.042092